Skład Rayo Vallecano w La Liga 2023/24 - Statystyki

Ogólne statystyki
  • Ten quiz został rozwiązany 4 razy
  • Średni wynik to 7 z 24
Statystyki odpowiedzi
Numer Zawodnik % Poprawnych
18 Alvaro Garcia
100%
33 Fran Garcia
100%
7 Isi Palazon
100%
10 Bebe
50%
20 Ivan Balliu
50%
8 Oscar Trejo
50%
9 Randy Nteka
50%
- Unai Lopez
50%
22 Jose Pozo
25%
32 Mario Hernandez
25%
23 Oscar Valentin
25%
21 Pathe Ciss
25%
5 Alejandro Catena
0%
11 Andres Martin
0%
24 Esteban Saveljich
0%
19 Kevin Rodrigues
0%
1 Luca Zidane
0%
4 Mario Suarez
0%
17 Martin Merquelanz
0%
- Nikola Maras
0%
6 Santiago Comesana
0%
- Sergi Guardiola
0%
13 Stole Dimitriewski
0%
14 Yacine Qasmi
0%
Nie znaleziono quizów pasujących do podanych kryteriów
Rozkład punktacji
Procent ludzi z każdym wynikiem
Percentyl według liczby udzielonych odpowiedzi
Twoja historia wyników
Nie rozwiązałeś tego quizu